000 00751nam a22002417a 4500
001 73422
003 UA-OsUOA
005 20200504154910.0
007 ta
008 20110301b un ||||| |||| 00| 0 ukr d
020 _a978-966-364-797-5
040 _aUA-OsUOA
_bukr
_cUA-OsUOA
_dUA-OsUOA
041 _aukr
080 _a330.101
090 _a330.101
_bП50
245 _aПолітична економія
_bПідручник
_cЗа заг. ред. Ніколенка Ю. В.
260 _aК.
_bЦентр учбової літератури
_c2009
300 _a632 с.
650 7 _a330 Економіка взагалі
_2UDC
942 _cBK
_2udc
955 _a2
999 _c359696
_d359696